000 01067nam a22003730a 4500
001 PT48756
003 AR-LpoUNG
005 20210131231232.0
008 191001s2011||||ag |||||||||||||||||spa d
020 _a9789506982744
_c$18,50
040 _aAR-LpoUNG
_bspa
_cAR-LpoUNG
_eaacr
041 _aspa
044 _aag
082 0 _a372.104 22 84edu
100 1 _aOssanna, Edgardo
_edir.
245 1 0 _aEducación, sociedad y política :
_bla escuela privada en Entre Ríos : 1976-1987
250 _a1º ed.
260 _aParaná :
_bUniversidad Nacional de Entre Ríos,
_c2011.
300 _a249 p. :
_btbls., gráfs.
650 4 _aANALISIS HISTORICO
650 4 _aEDUCACION
650 4 _aEDUCACION BASICA
650 4 _aENSEÑANZA PRIVADA
650 4 _aESCUELAS PRIMARIAS
650 4 _aESCUELAS SECUNDARIAS
650 4 _aFINANCIACION DE LA EDUCACION
650 4 _aHISTORIA DE LA EDUCACION
650 4 _aPOLITICA EDUCATIVA
650 4 _aSOCIEDAD
651 4 _aArgentina
700 1 _aLópez, María del Pilar
905 _a48756
942 _cLIB
999 _c8849
_d8849